Vorlesungen über Fouriersche Integrale /
Guardado en:
| Autor Principal: | |
|---|---|
| Formato: | Libro |
| Idioma: | German |
| Publicado: |
New York :
Chelsea,
1948.
|
| Etiquetas: |
Agregar Etiqueta
Sin Etiquetas, Sea el primero en etiquetar este registro!
|
| LEADER | 00464nam a22001455a 4500 | ||
|---|---|---|---|
| 001 | MAT.inmabb000670 | ||
| 008 | 031118r19481932nyu###########001#0#ger#d | ||
| 005 | 20170802155854.0 | ||
| 245 | 1 | 0 | |a Vorlesungen über Fouriersche Integrale / |c von S. Bochner. |
| 260 | |a New York : |b Chelsea, |c 1948. | ||
| 300 | |a 229 p. | ||
| 500 | |a Reproducción de la edición de 1932(?). | ||
| 100 | 1 | |a Bochner, S. |q (Salomon), |d 1899- | |
| 084 | |a 42-XX |2 msc2000 | ||
| 859 | |h 42 |i B664v |p A-473 |b BIB. MATEMATICA | ||
